| 000 | 00615nam a22002057a 4500 | ||
|---|---|---|---|
| 005 | 20140701162425.0 | ||
| 010 | _aENG-109756 | ||
| 020 |
_a9788173817540 _c750.00 |
||
| 035 | _aEN-93289 | ||
| 037 | _bDBAD/PUB | ||
| 082 | _a363.73926 | ||
| 100 | _aGhosh, D.N. | ||
| 245 | 0 | 0 |
_aAir and water pollution control engineering / _cby D. N Ghosh [and] S. K Ghosh |
| 260 |
_aKolkata _bNew Central Book Agency _c2012 |
||
| 270 |
_a8/1 Chintamoni Das Lane _bKolkata _e700009 |
||
| 300 |
_axxi,366p. _c24cm(Hb) |
||
| 500 | _aIncludes index | ||
| 700 | _aGhosh, S.K. | ||
| 942 |
_2ddc _cEN _mGHO _h363.73926 |
||
| 999 |
_c83670 _d83670 |
||